Catalog

Record Details

Catalog Search



Psychiatrie  Cover Image Book Book

Psychiatrie / Nigel C. Benson, Piero ; [z anglického originálu ... přeložila Denisa Šmejkalová]

Benson, Nigel C., 1955- (Author). Piero, 1967- (Illustrator).

Record details

  • ISBN: 978-80-7367-671-1 (brož.)
  • Physical Description: 175 s. : il. ; 21 cm
  • Edition: Vyd. 1.
  • Publisher: Praha : Portál, 2010

Content descriptions

Bibliography, etc. Note:
Obsahuje bibliografii
Subject: duševní poruchy
psychiatrie
dějiny lékařství
mental disorders
psychiatry
history of medicine
Genre: populárně-naučné publikace
popular works

Available copies

  • 3 of 3 copies available at Common Catalog SPOK.

Holds

  • 0 current holds with 3 total copies.
Show Only Available Copies
Location Call Number / Copy Notes Barcode Shelving Location Status Due Date
Hospic Dobrého Pastýře PA
Tematická katagorie: Odborná - paliativní péče (PA)
2045957018270 Skříň ve 2. patře (SKŘ) Available -
Jabok Library Psy-8.4/B 424480025034 Odborná literatura Available -
Jabok Library Psy-8.4/B 424480027409 Odborná literatura Available -

LDR 03714nam a2201069 a 4500
00116870
003CZ-PrJAB
00520190913074300.0
007ta
008100216s2010 xr a e f 000 0 cze
015 . ‡acnb002039751
020 . ‡a978-80-7367-671-1 (brož.)
035 . ‡a(CONS)16870
035 . ‡a(CZ PrSKC)nkc20102039751
035 . ‡a(OCoLC)607528603
040 . ‡aABA001 ‡bcze
0411 . ‡acze ‡heng
072 7. ‡a616.89 ‡xPsychiatrie ‡2Konspekt ‡914
080 . ‡a616.89-008 ‡2MRF
080 . ‡a616.89 ‡2MRF
080 . ‡a61(091) ‡2MRF
080 . ‡a(0.062) ‡2MRF
1001 . ‡aBenson, Nigel C., ‡d1955- ‡7mzk2005312652 ‡4aut
24510. ‡aPsychiatrie / ‡cNigel C. Benson, Piero ; [z anglického originálu ... přeložila Denisa Šmejkalová]
250 . ‡aVyd. 1.
260 . ‡aPraha : ‡bPortál, ‡c2010
300 . ‡a175 s. : ‡bil. ; ‡c21 cm
4901 . ‡aSeznamte se--
504 . ‡aObsahuje bibliografii
65007. ‡aduševní poruchy ‡7ph119647 ‡2czenas
65007. ‡apsychiatrie ‡7ph115943 ‡2czenas
65007. ‡adějiny lékařství ‡7ph484341 ‡2czenas
65009. ‡amental disorders ‡2eczenas
65009. ‡apsychiatry ‡2eczenas
65009. ‡ahistory of medicine ‡2eczenas
655 7. ‡apopulárně-naučné publikace ‡7fd131864 ‡2czenas
655 9. ‡apopular works ‡2eczenas
7000 . ‡aPiero, ‡d1967- ‡7xx0002301 ‡4ill
7650 . ‡tPsychiatry ‡9Česky
830 0. ‡aSeznamte se--
910 . ‡aABG312
910 . ‡aBNE702
995 . ‡aska
901 . ‡a16870 ‡bCZ-PrJAB ‡c16870 ‡tbiblio

Additional Resources